Home Print Resources E-Books E-Journals IIMT Lecture Series Library Membership Form Book Recommendation Form Campus Tour Take AdmissionAbout Us Contact Us

Soft Computing (Record no. 66006)

000 -LEADER
fixed length control field 00375nam a22001577a 4500
003 - CONTROL NUMBER IDENTIFIER
control field OSt
005 - DATE AND TIME OF LATEST TRANSACTION
control field 20250825122828.0
008 - FIXED-LENGTH DATA ELEMENTS--GENERAL INFORMATION
fixed length control field 250825b |||||||| |||| 00| 0 eng d
020 ## - INTERNATIONAL STANDARD BOOK NUMBER
International Standard Book Number 9789353160661
040 ## - CATALOGING SOURCE
Transcribing agency IIMT UNIVERSITY, MEERUT
100 ## - MAIN ENTRY--PERSONAL NAME
Personal name Saroj Kaushik
245 ## - TITLE STATEMENT
Title Soft Computing
260 ## - PUBLICATION, DISTRIBUTION, ETC.
Place of publication, distribution, etc. NEW DELHI
Name of publisher, distributor, etc. MC.GRAW HILL
Date of publication, distribution, etc. 2024
300 ## - PHYSICAL DESCRIPTION
Extent 405
942 ## - ADDED ENTRY ELEMENTS (KOHA)
Source of classification or shelving scheme
Koha item type Book Bank
Holdings
Withdrawn status Lost status Source of classification or shelving scheme Damaged status Not for loan Home library Current library Date acquired Source of acquisition Inventory number Barcode Date last seen Uniform Resource Identifier Price effective from Koha item type
          IIMT University Central Library Meerut IIMT University Central Library Meerut 08/25/2025 KIRTI PRAKASHAN IN395,21/08/2025 01-B-144677 08/25/2025 COMPUTER SCIENCE 08/25/2025 Book Bank
          IIMT University Central Library Meerut IIMT University Central Library Meerut 08/25/2025 KIRTI PRAKASHAN IN395,21/08/2025 01-B-144678 08/25/2025 COMPUTER SCIENCE 08/25/2025 Book Bank
          IIMT University Central Library Meerut IIMT University Central Library Meerut 08/25/2025 KIRTI PRAKASHAN IN395,21/08/2025 01-B-144679 08/25/2025 COMPUTER SCIENCE 08/25/2025 Book Bank
          IIMT University Central Library Meerut IIMT University Central Library Meerut 08/25/2025 KIRTI PRAKASHAN IN395,21/08/2025 01-B-144680 08/25/2025 COMPUTER SCIENCE 08/25/2025 Book Bank
          IIMT University Central Library Meerut IIMT University Central Library Meerut 08/25/2025 KIRTI PRAKASHAN IN395,21/08/2025 01-B-144681 08/25/2025 COMPUTER SCIENCE 08/25/2025 Book Bank
IIMT, Central Library. All Rights Reserved IIMT,UNIVERSITY © 2023
Implemented and Customised by I CLOUDE EMS
You Are OPAC Visitor No
free web counter

Powered by Koha